000 01330nam a2200349Ia 4500
001 ebr10448409
003 CaPaEBR
006 m u
007 cr cn|||||||||
008 990823s2000 meu sb 001 0 eng d
010 _z 99046629
020 _z1877864757
020 _z9781877864759
040 _aCaPaEBR
_cCaPaEBR
035 _a(OCoLC)51520315
050 1 4 _aDD76
_b.N38 2000eb
082 0 4 _a305.8/00943
_221
100 1 _aNees, Greg.
245 1 0 _aGermany
_h[electronic resource] :
_bunraveling an enigma /
_cGreg Nees.
260 _aYarmouth, Me. :
_bIntercultural Press,
_cc2000.
300 _axviii, 217 p.
504 _aIncludes bibliographical references (p. 181-184) and index.
533 _aElectronic reproduction.
_bPalo Alto, Calif. :
_cebrary,
_d2011.
_nAvailable via World Wide Web.
_nAccess may be limited to ebrary affiliated libraries.
650 0 _aNational characteristics, German.
650 0 _aPublic opinion
_zGermany.
651 0 _aGermany
_xEthnic relations.
651 0 _aGermany
_xSocial conditions
_y1990-
651 0 _aGermany
_xSocial life and customs
_y20th century.
655 7 _aElectronic books.
_2local
710 2 _aebrary, Inc.
856 4 0 _uhttp://site.ebrary.com/lib/rucke/Doc?id=10448409
_zAn electronic book accessible through the World Wide Web; click to view
999 _c137719
_d137719